Autobahnen in Baden-Württemberg - Statistiken

Allgemein
  • Dieses Quiz wurde 342 mal gespielt
  • Das Durchschnittsergebnis liegt bei 8 aus 14
Antwortstatistiken
Länge Autobahn % Korrekt
148 km A8
99%
262 km A5
98%
146 km A6
97%
89 km A7
95%
280 km A81
85%
6,7 km A3
81%
5,7 km A61
53%
48 km A96
46%
32 km A98
46%
2 km A831
32%
12 km A656
27%
1 km A659
16%
4,8 km A864
16%
4,2 km A861
12%
Keine übereinstimmenden Quizze gefunden
Verteilung der Resultate
Anzahl Personen mit jedem Resultat
Perzentil nach korrekt beantworteten Fragen
Ihre Resultats-Entwicklung
Sie haben dieses Quiz noch nicht gespielt